LEADER 01505nam a2200265 u 4500 001 000000025351 003 CaOOAMICUS 005 20070226111444.0 008 950717s1973 it u000 u ita u 035 $a10651062 040 $aPUL$bita 100 1 $aSoldi Rondinini, Gigliola.$0(OLS)http://pul/name/21039 245 10$aPer la storia del Cardinalato nel seolo XV :$b(con l'edizione del trattato De cardinalibus di Martino Garati da Lodi) 260 $aMilano :$bIstituto lombardo di scienze e lettere,$c1973. 300 $a91 p. ;$c25 cm 490 1 $aMemorie dell'Istituto Lombardo-Accademia di Scienze e Lettere.$aClasse di lettere, scienze morali e storiche ;$vvol. 33, fasc. 1 600 14$aGarati, Martino,$dm. 1453.$0(OLS)http://pul/subject/15000 650 4$aCardinali$xStoria$ySec.XV-XVI.$0(OLS)http://pul/subject/15001 830 0$aMemorie dell'Istituto Lombardo-Accademia di Scienze e Lettere.$pClasse di lettere, scienze morali e storiche ;$vvol. 33, fasc. 1.$0(OLS)http://pul/title/4051 850 $aPUL 852 $aPUL$W1$xDP1 Fondo Maccarrone$y58$m1505 E 54$j35466$nBK-PRI$b $qFondi$B35466$CPULBib$Z2$F35466 $H $81 941 1 $a1 961 $aINV: 01594 -- Fondo Mons. M. Maccarrone 996 $6245$aPer la storia del Cardinalato nel seolo XV :$b(con l'edizione del trattato De cardinalibus di Martino Garati da Lodi)$9(OLS)http://pul/title/34938 996 $6260$aMilano :$bIstituto lombardo di scienze e lettere$9(OLS)http://pul/publisher/49515 LEADER 01251nam a2200313 u 4500 001 000000057115 003 CaOOAMICUS 005 20070226120540.0 008 010427s1983 fr u000 u fre u 020 $a2852445824 035 $a10886737 040 $aPUL(R)$bita 100 1 $aJaki, Stanley L.,$cO.S.B.$0(OLS)http://pul/name/7307 245 10$aEt sur ce roc :$ble témoignage d'une terre et de deux testaments /$cStanley L. Jaki. 260 $aParis :$bTéqui,$c1983. 300 $a110 p. ;$c22 cm 490 1 $aCroire et savoir ;$v4 504 $aBibliografia in nota. 600 04$aPetrus,$cs., apostolo.$0(OLS)http://pul/subject/2302 650 4$aPapato.$0(OLS)http://pul/subject/4195 830 0$aCroire et savoir ;$v4.$0(OLS)http://pul/title/16968 850 $aPUL 852 $aPUL$W1$xSL Religione 1$y3$m60 F 30$j74781$nBK-PRI$b $qStampati$B74781$CPULBib$Z2$F74781 $H $81 941 1 $a8 960 $aPietro,$cs., apostolo$92302 961 $aINV: 52417 996 $6020$a2852445824$9(OLS)http://pul/number/72121 996 $6245$aEt sur ce roc :$ble témoignage d'une terre et de deux testaments$9(OLS)http://pul/title/76439 996 $6260$aParis :$bTéqui$9(OLS)http://pul/publisher/50105 LEADER 01382nam a2200325 u 4500 001 000000047278 003 CaOOAMICUS 005 20070226114851.0 008 990730s1985 it u000 u ita u 020 $a8826304327 035 $a10831453 040 $aPUL(R)$bita 100 1 $aBorriello, Luigi,$cO.C.D,$d1947-$0(OLS)http://pul/name/2047 245 13$aLa spiritualità cristiana nell'età contemporanea /$cLuigi Borriello, Giovanna della Croce, Bruno Secondin. 260 $aRoma :$bBorla,$c1985. 300 $a503 p. ;$c24 cm 490 1 $aStoria della spiritualità ;$v6 500 $aContiene indici. 504 $aBibliografia in nota. 650 4$aSpiritualità cristiana.$0(OLS)http://pul/subject/13929 700 1 $aSecondin, Bruno,$cO.C.D.,$d1940-$0(OLS)http://pul/name/34371 700 0 $aGiovanna della Croce,$csuora,$dn. 1921.$0(OLS)http://pul/name/34273 830 0$aStoria della spiritualità ;$v6.$0(OLS)http://pul/title/63571 850 $aPUL 852 $aPUL$W1$xSL Religione 1$y3$m41 F 126$j63208$nBK-PRI$b $qStampati$B63208$CPULBib$Z2$F63208 $H $81 941 1 $a8 961 $aINV: 65347 996 $6020$a8826304327$9(OLS)http://pul/number/58936 996 $6245$aLa spiritualità cristiana nell'età contemporanea$9(OLS)http://pul/title/63636 996 $6260$aRoma :$bBorla$9(OLS)http://pul/publisher/48061 LEADER 01214nam a2200301 a 4500 001 000000153906 003 CaOOAMICUS 005 20160914152142.0 008 160914s1995 it u000 u ita r 020 $a88-420-4758-9* 032 $aLibriCat 040 $aPUL$bita 245 00$aRiforme elettorali /$cA. Agosta[et al.] ... ; a cura di Massimo Luciani e Mauro Volpi. 260 $aRoma ;$aBari :$bLaterza,$c©1995. 300 $a405 p. ;$c21 cm. 490 1 $aLibri del tempo ;$v251 650 4$aDemocrazia$xStudi.$0(OLS)http://pul/subject/39580 700 1 $aVolpi, Mauro.$0(OLS)http://pul/name/78877 700 1 $aAgosta, Antonio.$0(OLS)http://pul/name/97963 700 1 $aLuciani, Massimo.$0(OLS)http://pul/name/28941 830 0$aLibri del tempo (Laterza) ;$v251.$0(OLS)http://pul/title/7260 850 $aPUL 852 $aPUL$W1$xDP1 Fondo G. Barberini$y122$m4 C 11$j176889$qFondi$B179878$CPULBib$Z2$F179878 $HBar917 $81 941 1 $a1 996 $6020$a88-420-4758-9*$9(OLS)http://pul/number/161043 996 $6245$aRiforme elettorali$9(OLS)http://pul/title/193470 996 $6260$aRoma ;$aBari :$bLaterza$9(OLS)http://pul/publisher/57682